Pocket radiologist : head and neck top 100 diagnosis (Record no. 33631)

MARC details
000 -LEADER
fixed length control field 00422nam a2200145Ia 4500
020 ## - INTERNATIONAL STANDARD BOOK NUMBER
ISBN 9780721696973
050 ## - CALL MARK
Classification number RD 763 .P63/
100 ## - STATEMENT OF RESPONSIBILITY--MAIN AUTHOR NAME
Personal name Harnsberger, H. Ric
245 #0 - TITLE STATEMENT
Title Pocket radiologist : head and neck top 100 diagnosis
300 ## - PHYSICAL DESCRIPTION
Number of Pages 305 p
650 ## - SUBJECT ADDED ENTRY--TOPICAL TERM
Topical Term Head and Neck--Radiography. Head and Neck--Diseases--Diagnosis.
942 ## - ADDED ENTRY ELEMENTS (KOHA)
Koha item type Books
Holdings
Withdrawn status Lost status Source of classification or shelving scheme Damaged status Not for loan Permanent Location Current Location Date acquired Accession Number Price effective from Koha item type
    Library of Congress Classification     NILE UNIVERSITY OF NIGERIA - MAIN LIBRARY NILE UNIVERSITY OF NIGERIA - MAIN LIBRARY 04/23/2025 0185535 04/23/2025 Books